Moedas do Mundo de A-Z - Statistics

Estatísticas Gerais
  • Esse quiz foi jogado 48 vezes
  • A pontuação média é 9 de 22
Estatísticas das Respostas
Letra Moeda % Correto
P Pa'anga | Peso | Pula
95%
R Rand | Real | Rial | Riel +3
92%
D Dalasi | Dinar | Dirame | Dobra +3
87%
L Lari | Lek | Lempira | Leone +6
82%
E Escudo | Euro
79%
I Iene | Iuane
67%
C Cedi | Colón | Córdoba | Coroa
51%
F Florim | Franco
51%
B Baht | Balboa | Birr | Bolívar | Boliviano
38%
M Manat | Marco | Metical
31%
W Won
28%
G Grívnia | Guarani | Gurde
26%
S Siclo | Sol | Som | Somoni
23%
X Xelim
23%
K Kina | Kipe | Kwacha | Kwanza | Kyat
15%
V Vatu
15%
Z Zlóti
15%
A Afegani | Ariari
13%
N Naira | Nakfa | Ngultrum
13%
Q Quetzal
13%
T Taka | Tala | Tengue | Tugrik
10%
U Uguia
5%
Nenhum quiz correspondente encontrado
Distribuição das Pontuações
Porcentagem de Pessoas com Cada Pontuação
Percentil de Números Respondidos
Sua Pontuação Histórica
Você não jogou esse quiz